[Event "Yerevan op 2nd"]
[Site "Yerevan"]
[Date "2017.09.25"]
[Round "7"]
[White "Kocharyan, Hayk"]
[Black "Antonyan, Samvel"]
[Result "0-1"]
[WhiteElo "1737"]
[BlackElo "1648"]
[PlyCount "50"]
[EventDate "2017.09.19"]
[EventType "swiss"]
[EventRounds "9"]
[EventCountry "ARM"]
[SourceTitle "EXT 2018"]
[Source "ChessBase"]
[SourceDate "2017.10.13"]
[SourceVersion "1"]
[SourceVersionDate "2017.10.13"]
[SourceQuality "1"]

1. c4 e6 2. Nc3 d5 3. d4 Nf6 4. cxd5 exd5 5. Bg5 Be7 6. e3 0-0 7. Bd3 Nbd7 8. Qc2 b6 9. Nge2 Bb7 10. 0-0 c5 11. Ng3 h6 12. Bf4 Re8 13. Nf5 a6 14. Bd6 Bf8 15. Bxf8 Nxf8 16. Rad1 c4 17. Be2 b5 18. f4 Bc8 19. Rf3 b4 20. Na4 Ne4 21. g4 Bxf5 22. gxf5 Qf6 23. Nc5 Qxf5 24. b3 Qg6+ 25. Rg3 Nxg3 0-1

[Event "Yerevan op 2nd"]
[Site "Yerevan"]
[Date "2017.09.23"]
[Round "5"]
[White "Machkalyan, Haik"]
[Black "Antonyan, Samvel"]
[Result "1-0"]
[WhiteElo "1890"]
[BlackElo "1648"]
[PlyCount "115"]
[EventDate "2017.09.19"]
[EventType "swiss"]
[EventRounds "9"]
[EventCountry "ARM"]
[SourceTitle "CBM 180 Extra"]
[Source "ChessBase"]
[SourceDate "2017.10.06"]
[SourceVersion "1"]
[SourceVersionDate "2017.10.06"]
[SourceQuality "1"]

1. Nf3 d5 2. g3 Nf6 3. Bg2 e6 4. 0-0 Be7 5. d4 0-0 6. Nbd2 c5 7. c3 Nc6 8. Qc2 cxd4 9. Nxd4 Nxd4 10. cxd4 Qb6 11. Nf3 Bd7 12. Bg5 Rac8 13. Qb3 Qxb3 14. axb3 a6 15. Rfc1 Bb5 16. Bf1 h6 17. Bf4 Ne4 18. Bc7 Bd8 19. Bxd8 Rfxd8 20. e3 Bxf1 21. Kxf1 Kf8 22. Ke2 Ke7 23. Ne5 Nd6 24. Nd3 Rxc1 25. Rxc1 Rc8 26. Rxc8 Nxc8 27. Nc5 Nd6 28. Kd3 Kd8 29. f3 Kc7 30. e4 dxe4+ 31. fxe4 Kc6 32. Ke3 Kb5 33. Nd3 Ne8 34. d5 exd5 35. exd5 Kb6 36. Kd4 Kc7 37. Ne5 Nd6 38. Nc4 Nxc4 39. bxc4 b6 40. Ke5 Kd7 41. g4 a5 42. h4 Kc7 43. b3 Kd7 44. d6 Kd8 45. Kd5 h5 46. gxh5 Kd7 47. Ke5 Kc6 48. h6 gxh6 49. h5 Kd7 50. Kf6 Kxd6 51. Kxf7 Kc5 52. Kg6 Kb4 53. Kxh6 Kxb3 54. Kg5 Kxc4 55. h6 b5 56. h7 a4 57. h8Q a3 58. Qg8+ 1-0

[Event "Yerevan op 2nd"]
[Site "Yerevan"]
[Date "2017.09.22"]
[Round "4"]
[White "Rezanezhad, Hassan"]
[Black "Antonyan, Samvel"]
[Result "1-0"]
[WhiteElo "1959"]
[BlackElo "1648"]
[PlyCount "73"]
[EventDate "2017.09.19"]
[EventType "swiss"]
[EventRounds "9"]
[EventCountry "ARM"]
[SourceTitle "CBM 180 Extra"]
[Source "ChessBase"]
[SourceDate "2017.10.06"]
[SourceVersion "1"]
[SourceVersionDate "2017.10.06"]
[SourceQuality "1"]

1. e4 e6 2. d4 d5 3. e5 c5 4. c3 Nc6 5. Nf3 Qb6 6. a3 c4 7. Nbd2 Na5 8. Be2 Bd7 9. 0-0 Ne7 10. Ne1 Qc7 11. g3 Nc8 12. Ng2 Nb6 13. Ne3 0-0-0 14. Qe1 h5 15. Rb1 Kb8 16. f4 f5 17. h4 Na4 18. Bd1 Bb5 19. Rf2 Rc8 20. Bc2 g6 21. Qd1 Qc6 22. Kh2 b6 23. Ng2 Bxa3 24. Qe1 Bxb2 25. Bxb2 Nxb2 26. Rxb2 Ba4 27. Qd1 Bxc2 28. Qxc2 Rc7 29. Rf1 Rhc8 30. Ra1 Rb7 31. Ne3 Kc7 32. Qd1 Kd8 33. Nc2 Rcb8 34. Nb4 Qd7 35. Qa4 Qxa4 36. Rxa4 Kd7 37. Na6 1-0

[Event "Paleochora op 9th"]
[Site "Paleochora"]
[Date "2016.07.23"]
[Round "5"]
[White "Papadopoulos, Argirios"]
[Black "Antonyan, Samvel"]
[Result "1-0"]
[WhiteElo "2244"]
[BlackElo "1482"]
[PlyCount "75"]
[EventDate "2016.07.20"]
[EventType "swiss"]
[EventRounds "9"]
[EventCountry "GRE"]
[SourceTitle "EXT 2017"]
[Source "ChessBase"]
[SourceDate "2016.10.25"]
[SourceVersion "1"]
[SourceVersionDate "2016.10.25"]
[SourceQuality "1"]

1. e4 e6 2. d4 d5 3. e5 c5 4. c3 Nc6 5. Nf3 Qb6 6. a3 c4 7. Nbd2 Na5 8. g3 Bd7 9. Bg2 Ne7 10. 0-0 Qc7 11. Rb1 Nc8 12. Ne1 Nb6 13. f4 0-0-0 14. Qf3 h5 15. Nc2 Be7 16. Ne3 f5 17. exf6 gxf6 18. f5 e5 19. Nxd5 Nxd5 20. Qxd5 Bxf5 21. Rxf5 Rxd5 22. Bxd5 Kb8 23. Nf3 Qd7 24. Be4 Nb3 25. Be3 exd4 26. Nxd4 Nxd4 27. Bxd4 h4 28. Bf2 Rg8 29. Rd5 Qe6 30. Bf3 f5 31. Re1 Qf6 32. Rd7 Bd8 33. Bd4 Qg6 34. Be5+ Kc8 35. Red1 Qb6+ 36. Kh1 Qxb2 37. R7d4 Qb3 38. Bd5 1-0